[Event "Olympiad"]
[Site "masterchessopen.com - Nice (France)"]
[Round "8"]
[White "Hadjittofis Y (CYP)"]
[Black "Tringov Georgi P (BUL)"]
[Result "0-1"]
[WhiteElo "2205"]
[BlackElo "2465"]

1.d4 Nf6 2.c4 c5 3.d5 e6 4.Nc3 exd5 5.cxd5 d6 6.e4 g6 7.Be2 Bg7 8.Nf3 O-O
9.O-O Re8 10.Nd2 b6 11.a3 a6 12.f4 b5 13.Bf3 Nbd7 14.Kh1 Bb7 15.Re1 c4 16.Rb1
Nc5 17.Na2 Nd3 18.Rf1 Qb6 19.Nb4 Nf2+ 20.Rxf2 Qxf2 21.Qg1 Qxg1+ 22.Kxg1 Nd7
23.g4 Nc5 {#R} 0-1

[Event "Olympiad"]
[Site "masterchessopen.com - Nice (France)"]
[Round "1"]
[White "Ogaard Leif (NOR)"]
[Black "Thomas David (LIB)"]
[Result "1-0"]
[WhiteElo "2435"]
[BlackElo "2210"]

1.d4 Nf6 2.c4 c5 3.d5 e6 4.Nc3 exd5 5.cxd5 d6 6.Nf3 g6 7.e4 Bg7 8.Be2 O-O
9.O-O Re8 10.Nd2 b6 11.f3 Ba6 12.Bxa6 Nxa6 13.Nc4 Qd7 14.a4 Nc7 15.Bf4 Bf8
16.g4 Red8 17.Rf2 Nfe8 18.Rd2 Bg7 19.e5 b5 20.Nxd6 Bxe5 21.Bxe5 Nxd6 22.Bxd6
Qxd6 23.axb5 Ne6 24.Ne4 Qf4 25.dxe6 Qe3+ 26.Kg2 {#r} 1-0

[Event "Ch Russia"]
[Site "masterchessopen.com - Tula (Russia)"]
[Round "0"]
[White "Pelts Roman (CAN)"]
[Black "Tolonen Leo (FIN)"]
[Result "1-0"]
[WhiteElo "2417"]
[BlackElo "2267"]

1.d4 Nf6 2.Nf3 e6 3.c4 c5 4.d5 exd5 5.cxd5 d6 6.Nc3 g6 7.e4 Bg7 8.Nd2 O-O
9.Be2 Re8 10.O-O Nbd7 11.h3 a6 12.a4 Rb8 13.Re1 h6 14.Ra3 g5 15.a5 Ne5 16.Nc4
Nxc4 17.Bxc4 Nd7 18.Bf1 Ne5 19.Qc2 f5 20.f4 Ng6 21.e5 dxe5 22.fxg5 hxg5 23.Be3
Bf8 24.Qf2 b5 25.axb6 Qxb6 26.Na4 Qb4 27.Bxg5 Qd4 28.Be3 Qxd5 29.Bxc5 Bxc5
30.Nxc5 Re7 31.Nxa6 Bxa6 32.Rxa6 Rg7 33.Qxf5 Nf4 34.Qxe5 Rxg2+ 35.Kh1 Qf3
36.Bc4+ Kh7 37.Qe4+ Qxe4 38.Rxe4 Rf2 39.Re7+ {#r} 1-0

[Event "?"]
[Site "masterchessopen.com - URS"]
[Round "0"]
[White "Gutman Lev (GER)"]
[Black "Zilberstein Valery I (RUS)"]
[Result "0-1"]
[WhiteElo "2450"]
[BlackElo "2251"]

1.d4 Nf6 2.c4 c5 3.d5 g6 4.Nc3 Bg7 5.e4 d6 6.Be2 O-O 7.Nf3 e6 8.O-O exd5
9.cxd5 Re8 10.Nd2 Bd7 11.f3 Nh5 12.f4 Nf6 13.Bf3 b5 14.a4 b4 15.Nb5 Bxb5
16.axb5 Nbd7 17.Ra6 Nb6 18.Qb3 Qd7 19.Ra5 Rac8 20.Qa2 c4 21.Rxa7 Qxb5 22.Ra5
Qd7 23.Ra6 c3 24.bxc3 bxc3 25.Nb3 Nc4 26.Ra7 Rc7 27.Ra8 Rcc8 28.Ra7 Qb5 29.f5
Rb8 30.fxg6 hxg6 31.Na1 Nd7 32.Nc2 Nd2 33.Bxd2 cxd2 34.Rd1 Qc5+ 35.Kf1 Bh6
36.Ra5 Qc3 37.Ra3 Qe5 38.Ne3 Rb2 39.Qa1 Bxe3 40.Rxe3 Reb8 41.Qa5 Qxh2 42.Rxd2
{#R} 0-1

[Event "It"]
[Site "masterchessopen.com - Bad Meinberg (Germany)"]
[Round "0"]
[White "Niklasson Christer (SWE)"]
[Black "Ackermann Hans-Werner (GER)"]
[Result "1-0"]
[WhiteElo "2350"]
[BlackElo "2296"]

1.d4 Nf6 2.c4 e6 3.Nf3 c5 4.d5 exd5 5.cxd5 d6 6.Nc3 g6 7.e4 Bg7 8.Be2 O-O
9.Nd2 Re8 10.O-O Nbd7 11.a4 Ne5 12.Qc2 g5 13.Nc4 Nxc4 14.Bxc4 h6 15.f4 Ng4
16.Ne2 gxf4 17.Bxf4 Be5 18.Ra3 Kh8 19.Qd2 Kh7 20.Rh3 Bg7 21.Rhf3 f6 22.Ng3 Ne5
23.Rc3 Qa5 24.Bb5 Re7 25.Nh5 a6 26.Bxh6 axb5 27.Bxg7 Rxg7 28.Nxf6+ Kg6 29.Rg3+
Ng4 30.Qf4 Qc7 31.Rxg4+ Bxg4 32.Qxg4+ Kf7 33.Qe6+ {#r} 1-0

[Event "Ch Argentina"]
[Site "masterchessopen.com - Buenos Aires (Argentina)"]
[Round "19"]
[White "Canepa Rolando (ARG)"]
[Black "Sanguinetti Raul (ARG)"]
[Result "0-1"]
[WhiteElo "2200"]
[BlackElo "2530"]

1.d4 Nf6 2.c4 c5 3.d5 e6 4.Nc3 exd5 5.cxd5 d6 6.Nf3 g6 7.e4 Bg7 8.Be2 O-O
9.O-O Re8 10.Nd2 Nbd7 11.f3 Ne5 12.Nc4 Nxc4 13.Bxc4 a6 14.a4 Nd7 15.Re1 Ne5
16.Bf1 f5 17.Be3 Nf7 18.Qd2 Qf6 19.Rab1 Bd7 20.Bd3 Ne5 21.Bg5 Qf8 22.Ra1 h6
23.Bh4 f4 24.Rf1 g5 25.Be1 Qf6 26.Be2 h5 27.h3 Bh6 28.Qd1 Re7 29.Bd2 Rf8
30.Ra3 Rg7 31.Nb1 Kh7 32.Bc3 Rfg8 33.Bxe5 Qxe5 34.Rf2 Rg6 35.Rc3 Bg7 36.Na3
Qe8 37.Rd3 Bxb2 38.Nc4 Bxa4 39.Qb1 Bd4 40.Qxb7+ R8g7 41.Qb6 Bxf2+ 42.Kxf2 Bb5
{#R} 0-1

[Event "It (b)"]
[Site "masterchessopen.com - Cienfuegos (Cuba)"]
[Round "10"]
[White "Garcia Gilberto"]
[Black "Soler Alberto (CUB)"]
[Result "0-1"]
[WhiteElo "2265"]
[BlackElo "2305"]

1.c4 Nf6 2.d4 e6 3.Nf3 c5 4.d5 exd5 5.cxd5 d6 6.Nc3 g6 7.e4 Bg7 8.Be2 O-O
9.O-O Re8 10.Nd2 a6 11.a4 Nbd7 12.h3 Rb8 13.Qc2 Nh5 14.Bxh5 gxh5 15.a5 b5
16.axb6 Nxb6 17.Ra3 Kh8 18.Qd1 Qh4 19.Ne2 Rg8 20.Nf3 Qe7 21.Ng3 Nc4 22.Rb3 Rb5
23.Qc2 Ne5 24.Nxh5 f5 25.Re3 Qf7 26.Nf4 Bh6 27.Ra3 Qg7 28.Ne1 fxe4 29.Qxe4 Rb4
30.Qe3 Bxf4 31.Qxf4 Rxf4 32.Bxf4 Bb7 33.Bd2 Bxd5 34.Rg3 Qb7 35.Bg5 Rxg5
36.Rxg5 Bc4 37.f4 Nf7 38.Rf2 Nxg5 39.fxg5 Qe7 40.Nf3 Bd5 {#R} 0-1

[Event "Ch DDR"]
[Site "masterchessopen.com - Stralsund (Germany)"]
[Round "15"]
[White "Moehring Guenther (GER)"]
[Black "Thal Olaf (GER)"]
[Result "0-1"]
[WhiteElo "2450"]
[BlackElo "2273"]

1.d4 Nf6 2.c4 e6 3.Nc3 c5 4.d5 exd5 5.cxd5 d6 6.e4 g6 7.Nf3 Bg7 8.Be2 O-O
9.O-O Re8 10.Nd2 Nbd7 11.h3 a6 12.a4 Qc7 13.Qc2 c4 14.Bxc4 Nc5 15.Ra3 Bd7
16.b3 Rac8 17.Ra2 Qd8 18.a5 Qe7 19.Re1 Nh5 20.b4 Bxh3 21.Re3 Bxg2 22.Kxg2 Nf4+
23.Kg1 Qh4 24.Rg3 Bd4 25.Nf1 Re5 26.Bxf4 Rh5 27.Nh2 Qxf4 28.Rg2 Nd7 29.Ne2 Qf6
30.Qb3 Ne5 31.Nxd4 Rxc4 32.Rd2 Rxh2 33.Kxh2 Qf4+ 34.Qg3 Qxd2 35.Nf5 Rxe4 36.f4
Qxf4 37.Qxf4 Rxf4 38.Nxd6 Rxb4 {#R} 0-1

[Event "Zt"]
[Site "masterchessopen.com - Vilnius (Lithuania)"]
[Round "10"]
[White "Savon Vladimir A (UKR)"]
[Black "Grigorian Karen (RUS)"]
[Result "1-0"]
[WhiteElo "2575"]
[BlackElo "2520"]

1.Nf3 Nf6 2.c4 e6 3.d4 c5 4.d5 exd5 5.cxd5 d6 6.Nc3 g6 7.e4 Bg7 8.Nd2 O-O
9.Be2 Re8 10.O-O Nbd7 11.a4 Rb8 12.Re1 a6 13.a5 Ne5 14.Nf1 h5 15.f3 Nfd7
16.Ne3 g5 17.Rf1 Ng6 18.Kh1 Nf4 19.Nc4 Nf8 20.Na4 Bd7 21.Nab6 Bb5 22.Bxf4 gxf4
23.Qd2 Ng6 24.Na3 Bxe2 25.Qxe2 Qg5 26.Rab1 f5 27.Nac4 Rbd8 28.Rbe1 Kh8 29.Qd2
Bd4 30.b4 Ne5 31.bxc5 Bxc5 32.exf5 Qxf5 33.Nxe5 dxe5 34.Nc4 Bd4 35.d6 Rg8
36.Re2 h4 37.Rfe1 h3 38.g4 fxg3 39.Qh6+ Qh7 40.Qf6+ Qg7 41.Qh4+ Qh7 42.hxg3
Qxh4 43.gxh4 Rg3 44.Rd1 Rdg8 45.d7 Rg1+ 46.Rxg1 Rxg1+ 47.Kh2 Rg8 48.Nxe5 Kg7
49.Re4 {#r} 1-0

[Event "Ch Yugoslavia"]
[Site "masterchessopen.com - Yugoslavia"]
[Round "0"]
[White "Bukic Enver (SLO)"]
[Black "Velimirovic Dragoljub (SRB)"]
[Result "1-0"]
[WhiteElo "2455"]
[BlackElo "2525"]

1.d4 Nf6 2.c4 c5 3.d5 e6 4.Nc3 exd5 5.cxd5 d6 6.e4 g6 7.Nf3 Bg7 8.Be2 O-O
9.O-O Re8 10.Nd2 Nbd7 11.h3 a6 12.a4 Rb8 13.a5 Qc7 14.Qc2 b5 15.axb6 Nxb6
16.Nb3 Qe7 17.Na5 Bd7 18.Nc6 Bxc6 19.dxc6 Rec8 20.Rxa6 Rxc6 21.Bf4 c4 22.Bf3
Rcc8 23.Rd1 Ne8 24.Be3 Nd7 25.Bg4 h5 26.Nd5 Qd8 27.Bxd7 Qxd7 28.Ra7 Qe6 29.Re7
Rxb2 30.Qa4 {#r} 1-0

[Event "Olympiad (students) (team)"]
[Site "masterchessopen.com - Caracas (Venezuela)"]
[Round "5"]
[White "Dobosz Henryk (POL)"]
[Black "Gruenfeld Yehuda (ISR)"]
[Result "0-1"]
[WhiteElo "2409"]
[BlackElo "2480"]

1.d4 Nf6 2.c4 c5 3.d5 e6 4.Nc3 exd5 5.cxd5 d6 6.e4 g6 7.Nf3 Bg7 8.Be2 O-O
9.O-O Re8 10.Nd2 Nbd7 11.a4 Ne5 12.f4 Neg4 13.Rf3 Nh5 14.Qe1 f5 15.h3 Bd4+
16.Kh1 Ngf6 17.exf5 Bxf5 18.Nf1 Bxc3 19.Rxc3 Nxd5 20.Rf3 Be4 21.Qd1 Bxf3
22.Bxf3 Ndf6 23.g4 Ng7 24.Ne3 Qe7 25.Kh2 Rad8 26.g5 Nfh5 27.Qd5+ Kh8 28.Ng4
Qe6 29.Nh6 Rd7 30.Qxe6 Nxe6 31.f5 Nd4 32.Bg4 Rde7 33.f6 Re2+ 34.Kg1 Re1+
35.Kf2 R8e2+ 36.Bxe2 Rxe2+ 37.Kf1 Ng3+ {#R} 0-1

[Event "Memorial J.Capablanca (b)"]
[Site "masterchessopen.com - Cienfuegos (Cuba)"]
[Round "15"]
[White "Pesantes Carlos (PER)"]
[Black "Remon Adelquis (CUB)"]
[Result "1-0"]
[WhiteElo "2223"]
[BlackElo "2375"]

1.d4 Nf6 2.c4 c5 3.Nf3 g6 4.Nc3 Bg7 5.d5 d6 6.e4 O-O 7.Be2 e6 8.O-O exd5
9.cxd5 Re8 10.Nd2 a6 11.a4 g5 12.Qc2 Qe7 13.Nc4 Nfd7 14.Re1 Ne5 15.Nb6 Ra7
16.Nd1 Bg4 17.Ne3 Nbd7 18.a5 Bxe2 19.Nf5 Qd8 20.Qxe2 Nxb6 21.axb6 Qxb6 22.Qh5
Ng6 23.Bxg5 f6 24.Nxg7 Kxg7 25.Qh6+ Kg8 26.Bxf6 Qc7 27.Ra3 b5 28.h4 Rf8 29.Rf3
Rxf6 30.Rxf6 Qd8 31.Qg5 Rd7 32.Re3 Qe7 33.Rxg6+ hxg6 34.Qxg6+ {#r} 1-0

[Event "Memorial J.Capablanca (c)"]
[Site "masterchessopen.com - Cienfuegos (Cuba)"]
[Round "2"]
[White "Fernandez Ciro A (CUB)"]
[Black "Delgado Alberto (DOM)"]
[Result "1-0"]
[WhiteElo "2290"]
[BlackElo "2310"]

1.Nf3 Nf6 2.c4 e6 3.d4 c5 4.d5 exd5 5.cxd5 d6 6.Nc3 g6 7.e4 Bg7 8.Be2 O-O
9.Nd2 Re8 10.O-O Nbd7 11.a4 Ne5 12.Qc2 g5 13.Nc4 Nxc4 14.Bxc4 Ng4 15.Ne2 Qf6
16.h3 Ne5 17.f4 gxf4 18.Rxf4 Qg6 19.Ra3 Kh8 20.Rg3 Qh5 21.Rf1 Rg8 22.Bg5 Nxc4
23.Qxc4 h6 24.Nf4 Qxg5 25.Rxg5 hxg5 26.Nh5 Bd4+ 27.Kh1 g4 28.Qc1 Rg6 29.h4 g3
30.Rxf7 Be5 31.Rf8+ Kh7 32.Qf1 Kh6 33.Nf6 Bh3 34.Rf7 Rg7 35.Qc1+ Kg6 36.Rxg7+
Kxg7 37.Nh5+ Kh7 38.gxh3 Rg8 39.Kg2 Rf8 40.Nxg3 Rg8 41.Qe3 {#r} 1-0

[Event "It"]
[Site "masterchessopen.com - Lublin (Poland)"]
[Round "2"]
[White "Szymczak Zbigniew (POL)"]
[Black "Robatsch Karl (AUT)"]
[Result "0-1"]
[WhiteElo "2400"]
[BlackElo "2349"]

1.d4 Nf6 2.c4 e6 3.Nf3 c5 4.d5 exd5 5.cxd5 d6 6.Nc3 g6 7.e4 Bg7 8.Be2 O-O
9.O-O Re8 10.Nd2 Nbd7 11.a4 a6 12.Qc2 b6 13.Nc4 Ne5 14.Nxe5 Rxe5 15.Bf4 Re8
16.h3 Ra7 17.Bg5 h6 18.Bh4 g5 19.Bg3 Rae7 20.Bf3 Nh7 21.Rae1 Be5 22.Bd1 Bd4
23.Re2 Nf6 24.Rfe1 Nh5 25.Bh2 Nf4 26.Bxf4 gxf4 27.Rd2 Re5 28.Bf3 Qh4 29.Qb3
Bxh3 30.gxh3 Qg3+ {#R} 0-1

[Event "Ch URS"]
[Site "masterchessopen.com - Moscow (Russia)"]
[Round "0"]
[White "Petrosian Tigran V (ARM)"]
[Black "Rashkovsky Nukhim N (RUS)"]
[Result "1-0"]
[WhiteElo "2635"]
[BlackElo "2485"]

1.d4 Nf6 2.Nf3 e6 3.c4 c5 4.d5 exd5 5.cxd5 d6 6.Nc3 g6 7.e4 Bg7 8.Be2 O-O
9.O-O Re8 10.Nd2 Nbd7 11.a4 Ne5 12.Ra3 b6 ( 12...Bd7 13.Qc2 Rc8 14.f4 Neg4
15.Nc4 Qe7 16.h3 { P } ) 13.Qc2 Nh5 14.Bxh5 gxh5 15.Nd1 Ba6 16.Rh3 ( 16.Re1 f5
{ ! } 17.exf5 { ? } 17...Nc4 { ! } 18.Rxe8+ Qxe8 19.Rg3 Qe1+ 20.Nf1 Nd2 { !
??+ } ) 16...Bxf1 17.Nxf1 b5 18.Nde3 ( 18.axb5 Rb8 19.Nc3 f5 20.exf5 Ng4
21.Rxh5 ( 21.Ne4 Qe7 22.Nfg3 Bd4 23.Bg5 Qe5 { ? } ) 21...Re1 { ! ? } )
18...bxa4 19.Nf5 Ng6 20.Rxh5 Be5 21.g3 Rb8 22.N1e3 a3 23.bxa3 Qb6 24.Qd2 Qb3
25.Ng4 Rb7 26.Kg2 Qc4 ( 26...Rd8 27.Rxh7 { ! P } ) 27.Nxe5 Qxe4+ 28.f3 Qxe5
29.Nh6+ Kf8 30.Rxe5 Rxe5 31.Ng4 Ree7 {#r} 1-0

[Event "?"]
[Site "masterchessopen.com - USA"]
[Round "0"]
[White "Tozer Richard (ENG)"]
[Black "Shamkovich Leonid (USA)"]
[Result "0-1"]
[WhiteElo "2298"]
[BlackElo "2485"]

1.d4 Nf6 2.c4 c5 3.d5 e6 4.Nc3 exd5 5.cxd5 g6 6.e4 d6 7.Be2 Bg7 8.Nf3 O-O
9.O-O Re8 10.Nd2 Nbd7 11.Qc2 Ne5 12.f4 Neg4 13.Nf3 Nh5 14.h3 Nh6 15.Kh2 f5
16.e5 dxe5 17.fxe5 Ng4+ 18.hxg4 fxg4 19.Bg5 Bxe5+ 20.Kg1 Bd4+ 21.Nxd4 Qxg5
22.Ne6 Qe3+ 23.Kh1 Ng3+ 24.Kh2 Nxf1+ 25.Rxf1 Bxe6 26.dxe6 Qh6+ 27.Kg3 g5
28.Bxg4 Qh4+ 29.Kf3 Rf8+ 30.Bf5 Rxf5+ 31.Qxf5 Rf8 32.g4 Rxf5+ 33.gxf5 Qf4+
34.Ke2 Qe5+ 35.Kd2 Kf8 36.Re1 Qxf5 37.e7+ Ke8 38.Nb5 Qd7+ {#R} 0-1

[Event "Ch World (juniors) (under 16)"]
[Site "masterchessopen.com - Wattignies (France)"]
[Round "0"]
[White "Chia Alphonsus (SIN)"]
[Black "Semkov Semko (BUL)"]
[Result "1-0"]
[WhiteElo "2256"]
[BlackElo "2450"]

1.d4 Nf6 2.c4 c5 3.d5 e6 4.Nc3 exd5 5.cxd5 d6 6.e4 g6 7.Nf3 Bg7 8.Be2 O-O
9.O-O Re8 10.Nd2 Nbd7 11.Qc2 Ne5 12.a4 g5 13.Ra3 a6 14.Nc4 Nxc4 15.Bxc4 Ng4
16.Ne2 Rb8 17.h3 Ne5 18.Rg3 h6 19.f4 gxf4 20.Bxf4 Ng6 21.Qd2 h5 22.Bg5 Qc7
23.Bf6 h4 24.Rgf3 b5 25.axb5 axb5 26.Bd3 c4 27.Bc2 Bxf6 28.Rxf6 Kg7 29.Nd4 Rb7
30.Nc6 Re5 31.Nxe5 Qc5+ 32.Kh2 dxe5 33.Rc6 Qe7 34.Rxc8 Nf4 35.Rxf4 {#r} 1-0

[Event "Memorial F.Duz-Hotimirsky"]
[Site "masterchessopen.com - Alushta (Ukraine)"]
[Round "0"]
[White "Popov Nikolay (MDA)"]
[Black "Taborov Boris (UKR)"]
[Result "1-0"]
[WhiteElo "2410"]
[BlackElo "2391"]

1.d4 Nf6 2.c4 c5 3.d5 e6 4.Nc3 exd5 5.cxd5 d6 6.e4 g6 7.Nf3 Bg7 8.Be2 O-O
9.O-O Re8 10.Nd2 Nbd7 11.h3 Nb6 12.a4 Rb8 13.f4 a6 14.Bf3 Bd7 15.Re1 Re7 16.e5
Ne8 17.Nde4 dxe5 18.Nxc5 Nd6 19.fxe5 Rxe5 20.Bf4 Rxe1+ 21.Qxe1 Bd4+ 22.Be3
Bxe3+ 23.Qxe3 Nbc4 24.Qd4 Rc8 25.N3e4 Nxe4 26.Nxe4 f5 27.Nf6+ Kf7 28.Nxd7 Qxd7
29.d6 Qxd6 30.Bd5+ Ke8 31.Qh8+ Kd7 32.Qg7+ Kd8 33.Bxc4 Qc5+ 34.Kh1 Qxc4
35.Rd1+ {#r} 1-0

[Event "It"]
[Site "masterchessopen.com - Cienfuegos (Cuba)"]
[Round "0"]
[White "Farago Ivan (HUN)"]
[Black "Dorfman Iossif D (FRA)"]
[Result "1-0"]
[WhiteElo "2500"]
[BlackElo "2455"]

1.d4 Nf6 2.c4 c5 3.d5 e6 4.Nc3 exd5 5.cxd5 d6 6.Nf3 g6 7.Nd2 Bg7 8.e4 O-O
9.Be2 Re8 10.O-O b6 11.Re1 Nbd7 12.Bb5 Bf8 13.Nc4 a6 14.Bc6 Ra7 15.a4 Qc7
16.Bg5 Nh5 17.Qb3 h6 18.Bd2 Nhf6 19.f4 Bb7 20.Bxd7 Nxd7 21.Re2 Bg7 22.Rae1 Kh7
23.Kh1 Raa8 24.e5 dxe5 25.fxe5 Nxe5 26.Bf4 f6 27.Bxe5 fxe5 28.Qxb6 Qxb6
29.Nxb6 Rad8 30.a5 Rf8 31.Kg1 Rf7 32.Rd1 e4 33.Rxe4 Bd4+ 34.Rexd4 cxd4 35.Rxd4
Rdf8 36.h3 Rf1+ 37.Kh2 R8f2 38.b4 Rc2 39.Ne4 Rf4 40.Nd7 Re2 41.Nef6+ Rxf6
42.Nxf6+ Kg7 43.Nd7 {#r} 1-0

[Event "?"]
[Site "masterchessopen.com - Smoljan/Pamporovo (Bulgaria)"]
[Round "0"]
[White "Peev Peicho (BUL)"]
[Black "Tseitlin Michael (GER)"]
[Result "0-1"]
[WhiteElo "2460"]
[BlackElo "2417"]

1.d4 Nf6 2.c4 e6 3.Nf3 c5 4.d5 exd5 5.cxd5 d6 6.Nc3 g6 7.e4 Bg7 8.Be2 O-O
9.O-O Re8 10.Nd2 Nbd7 11.f3 a6 12.a4 Ne5 13.Qc2 Nh5 14.f4 Ng4 15.Nf3 f5
16.exf5 Bxf5 17.Bd3 Bxd3 18.Qxd3 c4 19.Qc2 b5 20.g3 b4 21.Ne4 Rc8 22.Nfg5 Qa5
23.Rd1 Nhf6 24.Nxf6+ Nxf6 25.f5 b3 26.Qf2 Ng4 27.Qf1 c3 28.bxc3 b2 29.fxg6
Qc5+ 30.Kg2 Rf8 {#R} 0-1

[Event "?"]
[Site "masterchessopen.com - URS"]
[Round "0"]
[White "Podgaets Mikhail (UKR)"]
[Black "Zheliandinov Viktor (UKR)"]
[Result "1-0"]
[WhiteElo "2465"]
[BlackElo "2356"]

1.d4 Nf6 2.c4 c5 3.d5 e6 4.Nc3 exd5 5.cxd5 d6 6.Nf3 g6 7.e4 Bg7 8.Be2 O-O
9.O-O Re8 10.Nd2 Nbd7 11.h3 g5 12.Nc4 Nxe4 13.Nxe4 Rxe4 14.Nxd6 Rd4 15.Qc2 Nb6
16.Nxc8 Rxc8 17.Be3 Rb4 18.Bg4 Rc7 19.Rad1 Bd4 20.b3 Nxd5 21.Bd2 Rb6 22.Ba5
Rf6 23.Bxc7 Qxc7 24.Kh1 Qd6 25.Rde1 Kg7 26.g3 h5 27.Bxh5 Bxf2 28.Rxf2 Qxg3
29.Rg1 Rxf2 30.Rxg3 Rxc2 31.Rxg5+ Kf6 32.Rxd5 b6 33.Rd3 Rxa2 34.Rf3+ Kg5
35.Bxf7 a5 36.Be8 Rd2 37.Kg1 Rd8 38.Ba4 Rd4 39.Rc3 Rd2 40.Kf1 Kf6 41.Ke1 Rh2
42.Re3 Ra2 43.Bd7 Kg5 44.Re6 Rc2 45.Rxb6 c4 46.bxc4 Rxc4 47.Rb5+ {#r} 1-0

[Event "?"]
[Site "masterchessopen.com - Zabrze (Poland)"]
[Round "0"]
[White "Dzieniszewski Andrzej (POL)"]
[Black "Holm Sejer (DEN)"]
[Result "0-1"]
[WhiteElo "2340"]
[BlackElo "2222"]

1.d4 Nf6 2.c4 c5 3.d5 e6 4.Nc3 exd5 5.cxd5 d6 6.Nf3 g6 7.e4 Bg7 8.Be2 O-O
9.O-O Re8 10.Nd2 Nbd7 11.a4 Ne5 12.Ra3 g5 13.Qc2 g4 14.Bb5 Rf8 15.Re1 Nh5
16.Nf1 f5 17.Ng3 Nxg3 18.hxg3 Qf6 19.Be3 Qg6 20.Bf4 a6 21.Bf1 fxe4 22.Nxe4 Bf5
23.Rae3 b5 24.Qb3 bxa4 25.Qxa4 Nf7 26.b4 Bd4 27.R3e2 Bxe4 28.Rxe4 Ng5 29.Re7
Rxf4 30.gxf4 g3 31.Re8+ Kg7 32.R1e7+ Nf7 33.Qd7 Rxe8 34.Rxe8 Bxf2+ 35.Kh1 Qh5+
36.Qh3 Qd1 {#R} 0-1

[Event "Olympiad"]
[Site "masterchessopen.com - Buenos Aires (Argentina)"]
[Round "9"]
[White "Pelaez Jorge L (CUB)"]
[Black "Grinberg Ricardo (ARG)"]
[Result "0-1"]
[WhiteElo "2214"]
[BlackElo "2405"]

1.c4 Nf6 2.Nc3 e6 3.d4 c5 4.d5 exd5 5.cxd5 d6 6.Nf3 g6 7.e4 Bg7 8.Be2 O-O
9.O-O Re8 10.Nd2 Nbd7 11.a4 Ne5 12.Qc2 g5 13.Nd1 Ng6 14.Ne3 a6 15.Re1 g4
16.Rb1 Qe7 17.b4 b6 18.bxc5 bxc5 19.Bb2 h5 20.Nec4 Nd7 21.Bxg7 Kxg7 22.Qc3+ f6
23.f3 Nde5 24.Rb6 Rd8 25.Qe3 f5 26.exf5 Bxf5 27.fxg4 hxg4 28.Qg3 Rab8 29.a5
Rxb6 30.axb6 Bc8 31.Na5 Bb7 32.Qb3 Nf4 33.Bxg4 Bxd5 34.Qxd5 Nxd5 {#R} 0-1

[Event "Ch Europe (team) 1973/83"]
[Site "masterchessopen.com - corr."]
[Round "0"]
[White "Wiersma Eelke (NED)"]
[Black "Danner Georg (AUT)"]
[Result "0-1"]
[WhiteElo "2391"]
[BlackElo "2408"]

1.d4 c5 2.d5 Nf6 3.c4 e6 4.Nc3 exd5 5.cxd5 d6 6.e4 g6 7.Nf3 Bg7 8.Be2 O-O
9.O-O Re8 10.Nd2 Nbd7 11.f3 Ne5 12.Kh1 g5 13.Nc4 Nxc4 14.Bxc4 Nh5 15.Ne2 g4
16.Bd3 Qh4 17.g3 Qh3 18.f4 c4 19.Bc2 Bf5 20.Be3 Bxe4+ 21.Bxe4 Rxe4 22.Bf2 Nf6
23.Nc3 Re7 24.Qa4 Rae8 25.Qxc4 Ne4 26.Nxe4 Rxe4 27.Qd3 Rxf4 28.Bxa7 Rfe4
29.Bg1 Qh5 30.Rf4 Rxf4 31.gxf4 g3 32.Qxg3 Re2 33.Bf2 Qxd5+ 34.Kg1 Rxb2 35.Re1
h6 36.a4 Kh7 37.Qg4 Bd4 38.Bxd4 Qxd4+ 39.Kh1 Qd5+ 40.Kg1 Qc5+ 41.Kh1 Qc2
42.Qg3 d5 43.Rf1 d4 44.f5 Rb1 45.Rxb1 Qxb1+ 46.Kg2 Qxf5 {#R} 0-1

[Event "It"]
[Site "masterchessopen.com - Cotronei (Italy)"]
[Round "0"]
[White "Toth Bela (ITA)"]
[Black "Martorelli Antonio (ITA)"]
[Result "1-0"]
[WhiteElo "2345"]
[BlackElo "2210"]

1.d4 Nf6 2.c4 e6 3.Nf3 c5 4.d5 exd5 5.cxd5 d6 6.Nc3 g6 7.Nd2 Bg7 8.e4 O-O
9.Be2 Re8 10.O-O Nbd7 11.a4 Ne5 12.Ra3 b6 13.Qc2 a6 14.f4 Neg4 15.Nc4 Nh5
16.Bxg4 Bxg4 17.f5 gxf5 18.h3 f4 19.hxg4 Bd4+ 20.Rf2 Nf6 21.Bxf4 Nxg4 22.Nd1
f5 23.Nxd6 Nxf2 24.Nxf2 Qh4 25.Bg3 Qg5 26.Nxf5 {#r} 1-0

[Event "Cup URS (team)"]
[Site "masterchessopen.com - Ordzhonikidze (Russia)"]
[Round "0"]
[White "Beliavsky Alexander G (SLO)"]
[Black "Gavrikov Viktor (LTU)"]
[Result "1-0"]
[WhiteElo "2530"]
[BlackElo "2340"]

1.d4 Nf6 2.c4 c5 3.d5 e6 4.Nc3 exd5 5.cxd5 d6 6.e4 g6 7.Nf3 Bg7 8.Be2 O-O
9.O-O Re8 10.Nd2 Nbd7 11.a4 Ne5 12.h3 g5 13.Nf3 Nxf3+ 14.Bxf3 h6 15.Rb1 a6
16.b4 Nd7 17.Ne2 cxb4 18.Rxb4 Nc5 19.Ng3 Bd7 20.Bg4 a5 21.Rc4 b5 22.Bxd7 bxc4
23.Bxe8 Qxe8 24.Qg4 Nd3 25.Nf5 Qe5 26.h4 Rb8 27.Be3 Nf4 28.g3 Ng6 29.hxg5 hxg5
30.Bd4 Qxd4 31.Nxd4 Bxd4 32.Qxg5 c3 33.Kg2 Rb2 34.Qd8+ Kg7 35.Qxd6 Ne5 36.Qe7
Nc4 37.Qg5+ Kf8 38.d6 Rd2 39.Rb1 Bb6 40.Rxb6 {#r} 1-0

[Event "Ch Latvia"]
[Site "masterchessopen.com - Riga (Latvia)"]
[Round "0"]
[White "Gutman Lev (GER)"]
[Black "Petkevich Jusefs (LAT)"]
[Result "1-0"]
[WhiteElo "2420"]
[BlackElo "2380"]

1.d4 Nf6 2.c4 e6 3.Nc3 c5 4.d5 exd5 5.cxd5 d6 6.e4 g6 7.Be2 Bg7 8.Nf3 O-O
9.O-O Re8 10.Nd2 Nbd7 11.h3 a6 12.a4 Qc7 13.Qc2 Nb6 14.a5 Nbd7 15.b3 b5
16.axb6 Nxb6 17.Bb2 Qd8 18.f4 a5 19.Bf3 Ba6 20.Rfe1 Nfd7 21.Rxa5 Qh4 22.Rea1
Bd4+ 23.Kh1 Qf2 24.Rxa6 Rxa6 25.Rf1 Qh4 26.Nb5 Ra2 27.Nxd4 cxd4 28.Qb1 Rea8
29.Be2 Qe7 30.b4 Nxd5 31.Bc4 Rxb2 32.Qxb2 Ne3 33.Re1 Qh4 34.Nf3 Qg3 35.Bf1 Nf6
36.Rxe3 dxe3 37.Qxf6 h6 38.Bc4 Ra7 39.b5 e2 40.b6 Rb7 41.Bxe2 Qf2 42.Bc4 {#r}
1-0

[Event "?"]
[Site "masterchessopen.com - Titovo Uzice (Yugoslavia)"]
[Round "0"]
[White "Bagirov Vladimir (LAT)"]
[Black "Jansa Vlastimil (CZE)"]
[Result "1-0"]
[WhiteElo "2505"]
[BlackElo "2505"]

1.d4 Nf6 2.c4 c5 3.d5 e6 4.Nc3 exd5 5.cxd5 d6 6.Nf3 g6 7.e4 Bg7 8.Be2 O-O
9.O-O Re8 10.Nd2 Nbd7 11.a4 a6 12.Ra3 Rb8 13.a5 Qe7 14.Nc4 b5 15.axb6 Nxb6
16.Na5 Qc7 17.Qc2 Ra8 18.h3 Nfd7 19.Rd1 c4 20.Be3 Nc5 21.Nxc4 Nxc4 22.Bxc4 Rb8
23.Bxc5 Qxc5 24.Bxa6 Bd7 25.Bd3 Qb4 26.Ra7 Red8 27.Ra2 Rdc8 28.Qd2 Qb3 29.Rda1
h5 30.Qd1 Qb4 31.Qf3 Bd4 32.Ba6 Rc7 33.Bf1 Kg7 34.Rd1 Be5 35.Qe3 Qb3 36.Rda1
Qb4 37.g3 Rcb7 38.Kg2 Qd4 39.Qxd4 Bxd4 40.Rd1 Bf6 41.Rd2 Rb3 42.Rc2 R3b4 43.h4
R8b7 44.Be2 Be5 45.Rd2 Kf8 46.f3 Ke7 47.Nd1 Ba4 48.Nf2 Rxb2 49.Rdxb2 Rxb2
50.Rxa4 Rxe2 51.f4 Bc3 52.Kf3 Rb2 53.e5 dxe5 54.Ra7+ Ke8 55.Ne4 Rb3 56.Ra8+
{#r} 1-0

[Event "It"]
[Site "masterchessopen.com - Bogota (Colombia)"]
[Round "8"]
[White "Cuellar Gacharna Miguel (COL)"]
[Black "Garcia Gildardo (COL)"]
[Result "0-1"]
[WhiteElo "2280"]
[BlackElo "2401"]

1.d4 Nf6 2.c4 c5 3.d5 e6 4.Nc3 exd5 5.cxd5 d6 6.Nf3 g6 7.e4 Bg7 8.Be2 O-O
9.O-O Re8 10.Nd2 Nbd7 11.f3 a6 12.a4 Ne5 13.Nc4 Nxc4 14.Bxc4 Nd7 15.a5 Ne5
16.Be2 b5 17.axb6 Qxb6 18.f4 Nd7 19.Qc2 Rb8 20.Kh1 Bd4 21.h3 Nf6 22.Bf3 Bd7
23.g4 Qb3 24.Qg2 Bb5 25.Nxb5 Qxb5 26.Rd1 Rb6 27.g5 Nd7 28.Bg4 Re7 29.Qc2 Nb8
30.f5 Qe8 31.Re1 Reb7 32.Qh2 Nd7 33.f6 Ne5 34.Re2 h5 35.gxh6 Kh7 36.Qg2 Nd3
37.e5 Bxe5 38.Bd2 Rxb2 39.Rg1 Rb1 40.Bf5 Rxg1+ 41.Qxg1 Rb3 42.Re3 c4 43.Bxg6+
fxg6 44.Rxd3 Qf7 {#R} 0-1